000 00339pab a2200145 454500
008 180718b1997 xxu||||| |||| 00| 0 eng d
100 _aTripathi Rao, D.
245 _aStatus and direction of economic reforms
260 _c1997
300 _ap.25-26
362 _aNov
650 _aEconomic reform
773 _aYojana
909 _a35618
999 _c35618
_d35618